Karma e o caminho para a felicidade (Record no. 15735)
[ view plain ]
| 000 -Etiqueta do registo | |
|---|---|
| Valores | 00698nam a2200205 4500 |
| 010 ## - Número ISBN | |
| ISBN | 9789897544682 |
| 021 ## - Número do Depósito Legal | |
| Número | 475507/20 |
| 100 ## - Dados gerais de processamento | |
| Dados gerais | 20210618d2021 m y0pory50030103ba |
| 200 1# - Titulo e menção de responsabilidade | |
| Título próprio | Karma e o caminho para a felicidade |
| Informação de outro título | como compreender o passado e construir o futuro |
| Primeira menção de responsabilidade | Cristina Candeias |
| Outras menções de responsabilidade | pref. Jorge Gabriel |
| 205 ## - Menção da edição | |
| Edição | 1ª ed. |
| 210 #9 - Publicação | |
| Local de publicação | Barcarena |
| Nome do editor | Marcador, |
| Data de publicação | 2021 |
| 215 ## - Descrição física | |
| Paginação / Volumes | 137, [3] p. |
| Outras indicações físicas | il. |
| Dimensões | 23 cm |
| 675 ## - CDU | |
| Notação | 133.2 |
| Edição | BN |
| Língua | por |
| 700 #1 - Autor principal (pessoa individual) | |
| Apelido | Candeias, |
| Nome | Cristina, |
| Datas | 1966- |
| 702 #1 - Autor secundário (pessoa individual) | |
| Apelido | Gabriel, |
| Nome | Jorge, |
| Datas | 1968- |
| 801 #0 - Fonte de origem | |
| País | PT |
| Agência | BN |
| Regras de catalogação | RPC |
| 856 41 - Localização e acesso electrónico | |
| URL | <a href="http://rnod.bnportugal.gov.pt/ImagesBN/winlibimg.aspx?skey=&doc=2073253&img=151443&save=true">http://rnod.bnportugal.gov.pt/ImagesBN/winlibimg.aspx?skey=&doc=2073253&img=151443&save=true</a> |
| 990 ## - Elementos KOHA | |
| Tipo de documento | Livro |
| Situação do levantamento | Estado | Biblioteca de origem | Código de barras | Cota | Permissão de empréstimo | Tipo de documento | Forma de aquisição |
|---|---|---|---|---|---|---|---|
| Biblioteca Municipal do Alandroal | 16088/21 | 133,2 CAN | Livro | Compra |